Kerr poultry manual. (Record no. 10317)

MARC details
000 -LEADER
fixed length control field 00636cam a22002411 4500
001 - CONTROL NUMBER
control field agr44000193
003 - CONTROL NUMBER IDENTIFIER
control field DLC
005 - DATE AND TIME OF LATEST TRANSACTION
control field 20260227111002.0
008 - FIXED-LENGTH DATA ELEMENTS--GENERAL INFORMATION
fixed length control field 770914s1944 xx 000 0 eng
010 ## - LIBRARY OF CONGRESS CONTROL NUMBER
LC control number agr44000193
035 ## - SYSTEM CONTROL NUMBER
System control number (OCoLC)3264457
040 ## - CATALOGING SOURCE
Original cataloging agency DLC
Transcribing agency OC
Modifying agency DLC
042 ## - AUTHENTICATION CODE
Authentication code premarc
050 00 - LIBRARY OF CONGRESS CALL NUMBER
Classification number SF487
Item number .K5614
082 ## - DEWEY DECIMAL CLASSIFICATION NUMBER
Classification number 636.5
110 2# - MAIN ENTRY--CORPORATE NAME
Corporate name or jurisdiction name as entry element Kerr chickeries, Inc.
245 00 - TITLE STATEMENT
Title Kerr poultry manual.
260 ## - PUBLICATION, DISTRIBUTION, ETC.
Place of publication, distribution, etc. Frenchtown, N.J.,
Name of publisher, distributor, etc. Kerr chickeries, inc.,
Date of publication, distribution, etc. c1944.
300 ## - PHYSICAL DESCRIPTION
Extent 127 p.
Other physical details illus. (incl. plans)
Dimensions 22 cm.
500 ## - GENERAL NOTE
General note By A. C. Schlott. cf. p.3.
650 #0 - SUBJECT ADDED ENTRY--TOPICAL TERM
Topical term or geographic name entry element Poultry.
700 1# - ADDED ENTRY--PERSONAL NAME
Personal name Schlott, A. C.

No items available.

Powered by Koha